000 00417nam a22001457a 4500
020 _a969-35-0894-7
040 _cNUST
082 _a891.4393,BAN
100 _aBano, Qudsia
245 _aNa Qabil-e-Zikar / نا قابل ذکر (Urdu) /
_cBano Qudsia
260 _aLahore
_bSang-e-Meel Pub
_c2013
300 _a296 p.;
650 _aUrdu Literature
_xShort Stories (Novel)
_9110289
942 _2ddc
_cBK
_k891.4393,BAN
999 _c593730
_d593730